| Tag |
First Indicator |
Second Indicator |
Subfields |
| LEADER |
00000cam a2200000 4500 |
| 001 |
in00000096343 |
| 005 |
20150925090122.0 |
| 008 |
680301s1968 enka 00000 eng |
| 010 |
|
|
|a 68081405
|
| 015 |
|
|
|a B68-01453
|
| 035 |
|
|
|a (OCoLC)00458534
|
| 035 |
|
|
|9 AAL2311AM
|
| 037 |
|
|
|c 7/6
|
| 040 |
|
|
|a DLC
|c DLC
|d TXA
|d UtOrBLW
|
| 049 |
|
|
|a TXAM
|c [700411]
|
| 050 |
0 |
0 |
|a TK7881.7
|b .S45
|
| 082 |
0 |
|
|a 621.389
|
| 100 |
1 |
|
|a Sharp, Peter E. M.
|
| 245 |
1 |
0 |
|a Sound and vision.
|
| 264 |
|
1 |
|a London :
|b Macdonald Co. in association with the Council of Industrial Design,
|c 1968.
|
| 300 |
|
|
|a 65 pages :
|b illustrations ;
|c 21 cm.
|
| 336 |
|
|
|a text
|b txt
|2 rdacontent
|
| 337 |
|
|
|a unmediated
|b n
|2 rdamedia
|
| 338 |
|
|
|a volume
|b nc
|2 rdacarrier
|
| 500 |
|
|
|a "A Design Centre Publication."
|
| 650 |
|
0 |
|a High-fidelity sound systems.
|
| 650 |
|
0 |
|a Television.
|
| 999 |
|
|
|a MARS
|
| 999 |
f |
f |
|s a0c2258c-df14-34c9-884a-639f45bed98f
|i a3311022-6bd2-3ff7-91ff-110302ba9221
|t 0
|
| 952 |
f |
f |
|p ric
|a Texas A&M University
|b Rellis Campus
|c Joint Library Facility
|d Remote Storage
|t 0
|e TK7881.7 .S45
|h Library of Congress classification
|i unmediated -- volume
|m A14805509991
|
| 998 |
f |
f |
|a TK7881.7 .S45
|t 0
|l Remote Storage
|